[Event "Titled Tuesday intern op 04th Jul Early"]
[Site "Chess.com INT"]
[Date "2023.07.04"]
[Round "4"]
[White "Krishnan, Ritvik"]
[Black "Baliga, Zubin"]
[Result "1-0"]
[WhiteElo "2037"]
[BlackElo "1911"]
[PlyCount "67"]
[EventDate "2023.07.04"]
[EventType "swiss (blitz)"]
[EventRounds "11"]
[EventCountry "USA"]
[SourceTitle "EXT 2024"]
[Source "ChessBase"]
[SourceDate "2023.10.10"]
[SourceVersion "1"]
[SourceVersionDate "2023.10.10"]
[SourceQuality "1"]

1. Nf3 d5 2. e3 Nf6 3. c4 c6 4. d4 Bf5 5. Nc3 e6 6. Nh4 Be4 7. f3 Bg6 8. Bd2 Nbd7 9. Nxg6 hxg6 10. Qb3 Qb6 11. Bd3 Be7 12. 0-0 Qc7 13. g3 Nh5 14. Kg2 Bd6 15. f4 Nhf6 16. Rac1 Qd8 17. Qxb7 0-0 18. Qxc6 dxc4 19. Bxc4 Nb6 20. Bd3 Rc8 21. Qf3 Nbd5 22. a3 Qb6 23. b4 a5 24. Na4 Qa7 25. Nc5 axb4 26. axb4 Rb8 27. Ra1 Qc7 28. Na6 Qb7 29. Nxb8 Rxb8 30. b5 Bb4 31. Bxb4 Nxe3+ 32. Kg1 Nxf1 33. Qxb7 Rxb7 34. Kxf1 1-0

[Event "Titled Tuesday intern op 04th Jul Early"]
[Site "Chess.com INT"]
[Date "2023.07.04"]
[Round "6"]
[White "Reprintsev, Alexander"]
[Black "Baliga, Zubin"]
[Result "1-0"]
[WhiteElo "2225"]
[BlackElo "1911"]
[PlyCount "75"]
[EventDate "2023.07.04"]
[EventType "swiss (blitz)"]
[EventRounds "11"]
[EventCountry "USA"]
[SourceTitle "EXT 2024"]
[Source "ChessBase"]
[SourceDate "2023.10.10"]
[SourceVersion "1"]
[SourceVersionDate "2023.10.10"]
[SourceQuality "1"]

1. e4 e5 2. Nf3 Nc6 3. Bc4 Bc5 4. b4 Bxb4 5. c3 Be7 6. d4 Na5 7. Be2 d6 8. dxe5 dxe5 9. Qxd8+ Bxd8 10. Nxe5 Nf6 11. f3 0-0 12. c4 Re8 13. Bb2 b6 14. Nd2 Be7 15. Nb3 Bb4+ 16. Kf2 Nxb3 17. axb3 Bb7 18. Rhd1 Bxe4 19. fxe4 Nxe4+ 20. Ke3 Nc3 21. Kd3 Rad8+ 22. Kc2 Nxe2 23. Nc6 Rxd1 24. Kxd1 Nc3+ 25. Bxc3 Bxc3 26. Rxa7 h5 27. Rxc7 Re1+ 28. Kc2 Bf6 29. Rb7 Re2+ 30. Kd3 Rxg2 31. Rxb6 Rxh2 32. b4 Rb2 33. b5 h4 34. Ra6 h3 35. Nd4 Rb1 36. Nf3 Rb3+ 37. Ke4 Rc3 38. Rc6 1-0